=LDR 00000nam 2200000 4500 =001 INLIS000000000001959 =005 20130612090333 =008 ***********************************Ind** =035 ##$$0010-061300000001959 =041 ##$$a Ind =082 ##$$a 720 =090 ##$$a 720, Sut b =100 ##$$a Sutrisno, R =245 ##$$a Bentuk struktur bangunan dalam arsitektur modern, R.Sutrisno =260 ##$$a 31 cm $b Jakarta =300 ##$$a xi, 273 hlm, ilus, 31 cm =650 ##$$a Bangunan-Arsitektur =850 ##$$a NBPNMAT